000 00606nam a2200241Ia 4500
003 OSt
005 20221005093055.0
006 a|||||r|||| 00| 0
007 ta
008 221004b |||||||| |||| 00| 0 eng d
024 _a36881
037 _cTextual
040 _aCRL
_cCRL
_beng
041 _2eng
_aeng
082 _aOv, G1
100 _aHolliday Carl
_9618076
245 0 _aDawn of literature
260 _aNew York
_bThomas Y Crowell
_c1931
300 _ax, 367p
_ccm.
650 _aENGLISH LITERATURE
942 _hOv, G1
_cTEXL
_2cc
999 _c999797
_d999797